000 00278nam a22001217a 4500
020 _a9781474836357
082 _a813.6
_bVAU
100 _aVaughan ,Charlene
245 _aFinding dory
260 _aUK
_bParragon books,
_c2016.
563 _aHB
942 _2ddc
_cCHILD_SEC
999 _c614880
_d614880